01878cam a22004454i 4500003000900000005001700009008004100026035001800067040003300085049000900118082002100127100002200148245004100170264004500211300002800256336002100284337002500305338002300330505037900353526001000732526001000742526001000752526001000762526000800772526000800780526000800788526000800796526000800804526000800812526000800820650005300828910001800881942001400899949013400913994001401047596000601061999015401067980005501221952015601276PE-LiUPU20250731173448.0150616s r 000 0 d a(Sirsi) a6039 aPE-LiUPUbspacPE-LiUPUerda aPRUA04a254.502bA752211 aArn, Win,eautor.14aThe Pastor`s church Growth Handbook. 1aPassadena :bChurch Growth Press,c1979. a223 páginas ;c22 cm. atext2rdacontent aunmediated2rdamedia avolume2rdacarrier0 aHow to find a Pastor Who Fits Your Church.- Sheep Stealing and Church Growth.- Organizing Laity for outreach.- A Workable Model for Training the Laity.- Somo Practical Ways to Begin.- Seven Characteristics of the Growing Church.- How to Build High Morale in Your Church.- Is Christian Education Stunting Your Growth?.- How to Find receptive people.- New Member Recruitment. aSEG42 aSEG41 aSEG40 aSEG39 aP94 aP87 aP86 aP85 aP77 aP76 aP3504aCRECIMIENTO DE IGLESIA - ESTRATEGIAS - MANUALES. ajckbjvqcjck 2ddccBOOK a254.502 A75wDEWEYc1i21332lCCODEBUL1mBULp00.00r0sYtBOOKu19951002xTEOLOGIAzUNKNOWN0COMPRAo.STAFF. Colección General aC0bPEPRU a1 a254.502 A75wDEWEYc57130i21332f2021-11-10g5lCCODEBUL1mBULr0sYtBOOKu2015-6-16xTEOLOGIAzUNKNOWN0COMPRAo.STAFF. Colección Generald57130 81gALBERTO SANCHEZ Responsable de Automatización r2025-12-02 00:00:00i6l0o254.502 A75p21332te1w2015-06-16xPGyBKzinventario-2023-12-13102ddc50708GENfP94aBULbBULcGENd2015-06-16eCOMPRA